| 000 | 00823nam a2200217Ia 4500 | ||
|---|---|---|---|
| 005 | 20241129111343.0 | ||
| 008 | 241129s9999||||xx |||||||||||||| ||und|| | ||
| 020 | _a978-81-7770-174-6 | ||
| 037 | _aREF | ||
| 040 |
_aCRL _bpun _cCRL |
||
| 041 |
_apun _2pun |
||
| 084 |
_aO153k P4;Q2.1.6(RR) _qCRL |
||
| 100 | _aਬੇਦੀ, ਹਰਚੰਦ ਸਿੰਘ | ||
| 245 | 0 |
_aਪਰਵਾਸੀ ਪੰਜਾਬੀ ਸਾਹਿਤ ਸੰਦਰਭ ਕੋਸ਼ _cਬੇਦੀ, ਹਰਚੰਦ ਸਿੰਘ |
|
| 260 |
_aਅੰਮ੍ਰਿਤਸਰ, ਭਾਰਤ _bਅੰਮ੍ਰਿਤਸਰ ਗੁਰੂ ਨਾਨਕ ਦੇਵ ਯੂਨੀਵਰਸਿਟੀ _c2012 |
||
| 300 | _a423gz | ||
| 365 |
_aINR _b450 |
||
| 650 | _aPunjai Literature | ||
| 942 |
_cREF _hO153k P4;Q2.1.6(RR) |
||
| 999 |
_c1230075 _d1230075 |
||